01345nam a2200313Ia 4500001001200000003000800012006001900020007001500039008004100054010001700095020001500112040002100127035002000148050002400168082001700192100001800209245010800227260004900335300001600384500006400400505015000464533015200614650004200766650003400808655002900842710001700871856012600888999001701014ebr10015824CaPaEBRm u cr cn|||||||||010828s2002 ilu s 001 0 eng d z 2001005330 z0793148278 aCaPaEBRcCaPaEBR a(OCoLC)7072454914aHD38.7b.F56 2002eb04a658.4/722211 aFink, Steven.10aSticky fingersh[electronic resource] :bmanaging the global risk of economic espionage /cSteven Fink. aChicago, IL. :bDearborn Trade Pub.,cc2002. axix, 326 p. aIncludes bibliographical references (p. 303-313) and index.0 aA declaration of war : globalization and the economic espionage crisis -- Loose lips sink ships! : fighting economic espionage on the home front. aElectronic reproduction.bPalo Alto, Calif. :cebrary,d2013.nAvailable via World Wide Web.nAccess may be limited to ebrary affiliated libraries. 0aBusiness intelligencezUnited States. 0aTrade secretszUnited States. 7aElectronic books.2local2 aebrary, Inc.40uhttp://site.ebrary.com/lib/rucke/Doc?id=10015824zAn electronic book accessible through the World Wide Web; click to view c10666d10666